000 00564nam a22001817a 4500
999 _c57093
_d57093
005 20191115095809.0
008 191115s2011 en ||||| |||| 00| 0 eng d
041 _aeng
080 _a37.01T-29
245 _aTEACHERS :
_bA regional study on recruitment development and salaries of teachers in the ceecis region .
264 _aGeneva,
_c2011.
300 _a104 p .:
_bill.;
_c29 cm.
653 _aმასწავლებლები
653 _aსწავლა
653 _aგანათლება
710 _eUnicief
_95354
942 _2udc
_cBK